000 00374nam a2200145Ia 4500
008 240624s9999 xx 000 0 und d
041 _aeng
082 _a658.15 KHA
100 _aKHAN M Y
245 _aFINANCIAL MANAGEMENT TEXT PROBLEMS AND C
250 _a(7th ed.)
260 _c2014
_aNew Delhi
_bMcGraw Hill
300 _axxi, : 750 : p. : cm. ; 26
365 _cRS
_b33
999 _c24747
_d24747